| 000 | 00508nac a22001451u 4500 | ||
|---|---|---|---|
| 008 | 100721s1946 eu||||| |||| 00| 0 ara d | ||
| 082 |
_a214.1 _bق ص ي _222 |
||
| 245 |
_aهذى هى الأغلال / _cعبدالله على القصيمى |
||
| 260 |
_aالقاهرة : _bمطبعة مصر ، 1946 _c1946 |
||
| 300 |
_a330 ص ؛ _c24 سم. |
||
| 511 | _aCatalogued by: Sara | ||
| 541 |
_aالف باء ؛ _cشراء؛ |
||
| 650 |
_aالإسلام والفلسفة _916758 |
||
| 942 |
_cBB _k214.1ق ص ى _2ddc |
||
| 999 |
_c5946 _d5946 |
||